Connected or disconnected : (Record no. 150620)
[ view plain ]
| 000 -LEADER | |
|---|---|
| fixed length control field | 00720nam a22002057a 4500 |
| 005 - DATE AND TIME OF LATEST TRANSACTION | |
| control field | 20180328151424.0 |
| 010 ## - LCCN (DPL NO) | |
| LC control number | ENG-122446 |
| 020 ## - INTERNATIONAL STANDARD BOOK NUMBER | |
| International Standard Book Number | 9789386602770 |
| Terms of availability | 395.00 |
| 035 ## - SYSTEM CONTROL NUMBER | |
| System control number | EN-105978 |
| 037 ## - SOURCE OF ACQUISITION | |
| Source of stock number/acquisition | DBAD/PUB |
| 082 ## - DEWEY DECIMAL CLASSIFICATION NUMBER | |
| Classification number | 303.4833 |
| 100 ## - MAIN ENTRY--PERSONAL NAME | |
| Personal name | Micke Darmell |
| 245 ## - TITLE STATEMENT | |
| Title | Connected or disconnected : |
| Statement of responsibility, etc | by Micke Darmell and Kapil Rampal |
| Remainder of title | The art of operating in a connected world / |
| 260 ## - PUBLICATION, DISTRIBUTION, ETC. (IMPRINT) | |
| Date of publication, distribution, etc | 2018 |
| Place of publication, distribution, etc | New Delhi |
| Name of publisher, distributor, etc | SAGE Publications |
| 270 ## - ADDRESS | |
| Address | B1/I-1Mohan Cooperative Industrial Area,Mathura Road, |
| City | New Delhi |
| Postal code | 110044 |
| Electronic mail address | www.sagepub.in |
| 300 ## - PHYSICAL DESCRIPTION | |
| Dimensions | 22cm(pbk) |
| Extent | 158p. |
| Other physical details | ill. |
| 500 ## - GENERAL NOTE | |
| General note | it Includes bibliographical references |
| 700 ## - ADDED ENTRY--PERSONAL NAME | |
| Personal name | Kapil Rampal |
| 942 ## - ADDED ENTRY ELEMENTS (KOHA) | |
| Item type | English Books |
| Source of classification or shelving scheme | Dewey Decimal Classification |
| Call number suffix | DAR |
| Classification part | 303.4833 |
| Withdrawn status | Lost status | Not for loan | Collection code | Home library | Current library | Date acquired | Source of acquisition | Cost, normal purchase price | Full call number | Barcode | Copy number | Cost, replacement price | Koha item type |
|---|---|---|---|---|---|---|---|---|---|---|---|---|---|
| Non-fiction | Shahdara Branch | Shahdara Branch | 28/03/2018 | DBAD/PUB | 395.00 | 303.4833 DAR | EN-105978 | 1 | 395.00 | English Books |
